000 01279nam a22002175i 4500
001 163101
003 ES-MaACL
005 20250815062540.0
008 950206m18761894fr a |||| | fre d
040 _aGA
_bspa
_cCCPB | PA2
100 1 _aReclus, Élisée,
_d1830-1905
_995775
245 1 0 _aNouvelle géographie universelle
_b: la terre et les hommes /
_cpar Elisée Reclus.
260 _aParis :
_bLibrairie Hachette et Cie.,
_c1876-1894 (
_fTypographie Lahure)
300 _a20 v. :
_bil. ;
_c29 cm.
505 8 _aT. I. L'Europe méridionale : (Grèce, Turquie, Roumanie, Serbie, Italie, Espagne et Portugal) -- T. II. La France -- T. III. L'Europe Centrale : (Suisse, Austro- Hongrie, Allemagne) -- T. IV. L'Europe du Nord-Ouest : (Belgique, Hollande, Iles Britanniques) -- T. V. L'Europe Escandinave et Russe -- T. VI. L'Asie russe -- T. VII. L'Asie Orientale -- T. VIII. L'Inde et l'Indo-Chine -- T. IX. L'Asie antérieure -- T. X. L'Afrique septentrionale (1" parte) -- T. XI. L'Afrique septentrionale (2" parte)
510 4 _aWWW CCFr, 11/07/02
599 1 _aGrab. xil. intercalados en el texto.
650 0 7 _aGeografía
_2embne
_913070
852 _aES-MaACL
_jG-671-89
_z-- Enc. hol., excepto t.I y XVII con enc. piel
_q-- Falto del t.XX
999 _c163101
_d163101